Gene and cell therapy : (Record no. 30003)
[ view plain ]
| 000 -LEADER | |
|---|---|
| fixed length control field | 01295cam a2200301 i 4500 |
| 003 - CONTROL NUMBER IDENTIFIER | |
| control field | CUTN |
| 005 - DATE AND TIME OF LATEST TRANSACTION | |
| control field | 20190822121709.0 |
| 008 - FIXED-LENGTH DATA ELEMENTS--GENERAL INFORMATION | |
| fixed length control field | 151014s2015 flua b 001 0 eng |
| 020 ## - INTERNATIONAL STANDARD BOOK NUMBER | |
| International Standard Book Number | 9781466571990 (hardback : alk. paper) |
| 020 ## - INTERNATIONAL STANDARD BOOK NUMBER | |
| International Standard Book Number | 1466571993 (hardback : alk. paper) |
| 041 ## - LANGUAGE CODE | |
| Language | English |
| 042 ## - AUTHENTICATION CODE | |
| Authentication code | pcc |
| 082 00 - DEWEY DECIMAL CLASSIFICATION NUMBER | |
| Classification number | 615.895 |
| Edition number | 23 |
| Item number | TEM |
| 100 ## - MAIN ENTRY--PERSONAL NAME | |
| Personal name | Templeton, Nancy Smyth, |
| 245 00 - TITLE STATEMENT | |
| Title | Gene and cell therapy : |
| Remainder of title | therapeutic mechanisms and strategies / |
| Statement of responsibility, etc | edited by Nancy Smyth Templeton. |
| 250 ## - EDITION STATEMENT | |
| Edition statement | Fourth edition. |
| 260 ## - PUBLICATION, DISTRIBUTION, ETC. (IMPRINT) | |
| Place of publication, distribution, etc | Boca Raton : |
| Name of publisher, distributor, etc | CRC Press, |
| Date of publication, distribution, etc | 2015. |
| 300 ## - PHYSICAL DESCRIPTION | |
| Extent | xxvii, 1269 pages : |
| Other physical details | illustrations ; |
| Dimensions | 29 cm |
| 505 0# - FORMATTED CONTENTS NOTE | |
| Contents | Section 1. Delivery systems and therapeutic strategies -- section 2. Other therapeutic strategies -- section 3. Gene expression, regulation, and detection; genome modifications -- section 4. Gene and cell therapies, disease targets, clinical trials and regulatory issues. |
| 650 #0 - SUBJECT ADDED ENTRY--TOPICAL TERM | |
| Topical term or geographic name as entry element | Gene therapy. |
| 650 #0 - SUBJECT ADDED ENTRY--TOPICAL TERM | |
| Topical term or geographic name as entry element | Cellular therapy. |
| 700 1# - ADDED ENTRY--PERSONAL NAME | |
| Personal name | Templeton, Nancy Smyth, |
| 942 ## - ADDED ENTRY ELEMENTS (KOHA) | |
| Source of classification or shelving scheme | Dewey Decimal Classification |
| Koha item type | Reference Books |
| 504 ## - BIBLIOGRAPHY, ETC. NOTE | |
| Bibliography, etc | Includes bibliographical references and index. |
| 700 1# - ADDED ENTRY--PERSONAL NAME | |
| Dates associated with a name | 1952- |
| 906 ## - LOCAL DATA ELEMENT F, LDF (RLIN) | |
| a | 7 |
| b | cbc |
| c | origcop |
| d | 2 |
| e | ncip |
| f | 20 |
| g | y-gencatlg |
| Withdrawn status | Lost status | Source of classification or shelving scheme | Damaged status | Not for loan | Collection code | Home library | Location | Shelving location | Date of Cataloging | Total Checkouts | Full call number | Barcode | Date last seen | Price effective from | Koha item type |
|---|---|---|---|---|---|---|---|---|---|---|---|---|---|---|---|
| Dewey Decimal Classification | Non-fiction | CUTN Central Library | CUTN Central Library | Reference | 22/08/2019 | 615.895 TEM | 37525 | 30/09/2019 | 22/08/2019 | Reference Books |
